Microflora of drinking water distributed through decentralized supply systems (Tomsk); IOP Conference Series: Earth and Environmental Science; Vol. 33 : Contemporary Issues of Hydrogeology, Engineering Geology and Hydrogeoecology in Eurasia
| Источник: | IOP Conference Series: Earth and Environmental Science Vol. 33 : Contemporary Issues of Hydrogeology, Engineering Geology and Hydrogeoecology in Eurasia.— 2016.— [012018, 5 p.] |
|---|---|
| Главный автор: | |
| Корпоративные авторы: | , |
| Другие авторы: | , |
| Примечания: | Title screen The paper considers microbiological quality of waters from decentralized water supply systems in Tomsk. It has been proved that there are numerous microbial contaminants of different types. The authors claim that the water distributed through decentralized supply systems is not safe to drink without preliminary treatment. |
| Язык: | английский |
| Опубликовано: |
2016
|
| Серии: | Geoecology |
| Предметы: | |
| Online-ссылка: | http://dx.doi.org/10.1088/1755-1315/33/1/012018 http://earchive.tpu.ru/handle/11683/33978 |
| Формат: | MixedMaterials Электронный ресурс Статья |
| Запись в KOHA: | https://koha.lib.tpu.ru/cgi-bin/koha/opac-detail.pl?biblionumber=649473 |
MARC
| LEADER | 00000nla2a2200000 4500 | ||
|---|---|---|---|
| 001 | 649473 | ||
| 005 | 20231101134553.0 | ||
| 035 | |a (RuTPU)RU\TPU\network\14635 | ||
| 035 | |a RU\TPU\network\14633 | ||
| 090 | |a 649473 | ||
| 100 | |a 20160725a2016 k y0engy50 ba | ||
| 101 | 0 | |a eng | |
| 102 | |a GB | ||
| 105 | |a y z 100zy | ||
| 135 | |a drgn ---uucaa | ||
| 181 | 0 | |a i | |
| 182 | 0 | |a b | |
| 200 | 1 | |a Microflora of drinking water distributed through decentralized supply systems (Tomsk) |f A. A. Khvaschevskaya, N. G. Nalivayko, A. V. Shestakova | |
| 203 | |a Text |c electronic | ||
| 225 | 1 | |a Geoecology | |
| 300 | |a Title screen | ||
| 320 | |a [References: 10 tit.] | ||
| 330 | |a The paper considers microbiological quality of waters from decentralized water supply systems in Tomsk. It has been proved that there are numerous microbial contaminants of different types. The authors claim that the water distributed through decentralized supply systems is not safe to drink without preliminary treatment. | ||
| 461 | 0 | |0 (RuTPU)RU\TPU\network\2499 |t IOP Conference Series: Earth and Environmental Science | |
| 463 | 0 | |0 (RuTPU)RU\TPU\network\14178 |t Vol. 33 : Contemporary Issues of Hydrogeology, Engineering Geology and Hydrogeoecology in Eurasia |o All-Russian Scientific Conference with International Participation on Contemporary Issues, 23–27 November 2015, Tomsk, Russia |v [012018, 5 p.] |d 2016 | |
| 610 | 1 | |a электронный ресурс | |
| 610 | 1 | |a труды учёных ТПУ | |
| 610 | 1 | |a микрофлора | |
| 610 | 1 | |a питьевые воды | |
| 610 | 1 | |a водоснабжение | |
| 610 | 1 | |a микробиология | |
| 610 | 1 | |a децентрализованное водоснабжение | |
| 610 | 1 | |a Томск | |
| 700 | 1 | |a Khvaschevskaya |b A. A. |c hydrogeologist |c Associate Professor of Tomsk Polytechnic University, Candidate of geological and mineralogical sciences |f 1969- |g Albina Anatolievna |2 stltpush |3 (RuTPU)RU\TPU\pers\30953 | |
| 701 | 1 | |a Nalivayko |b N. G. |c hydrogeologist |c Associate Professor of Tomsk Polytechnic University, Candidate of geological and mineralogical sciences |f 1946- |g Nina Grigorievna |2 stltpush |3 (RuTPU)RU\TPU\pers\33258 | |
| 701 | 1 | |a Shestakova |b A. V. |c geologist |c engineer Tomsk Polytechnic University |f 1991- |g Anastasiya Viktorovna |2 stltpush |3 (RuTPU)RU\TPU\pers\32826 | |
| 712 | 0 | 2 | |a Национальный исследовательский Томский политехнический университет (ТПУ) |b Институт природных ресурсов (ИПР) |b Кафедра гидрогеологии, инженерной геологии и гидрогеоэкологии (ГИГЭ) |h 100 |2 stltpush |3 (RuTPU)RU\TPU\col\18664 |
| 712 | 0 | 2 | |a Национальный исследовательский Томский политехнический университет (ТПУ) |b Институт природных ресурсов (ИПР) |b Кафедра гидрогеологии, инженерной геологии и гидрогеоэкологии (ГИГЭ) |b Научно-образовательный центр "Вода" (НОЦ "ВОДА") |b Проблемная научно-исследовательская лаборатория гидрогеохимии (ПНИЛ ГГХ) |h 260 |2 stltpush |3 (RuTPU)RU\TPU\col\19129 |
| 801 | 2 | |a RU |b 63413507 |c 20161129 |g RCR | |
| 856 | 4 | |u http://dx.doi.org/10.1088/1755-1315/33/1/012018 | |
| 856 | 4 | |u http://earchive.tpu.ru/handle/11683/33978 | |
| 942 | |c CF | ||